Language Quiz

Random Language or Letter Quiz

1-10 Letter D Words Quiz Stats

 Plays Quiz Updated Jan 23, 2016

Challenge
Share
Tweet
Embed
Score 0/10 Timer 02:00
6 Plays Today
Clue D-Word % Correct
Mintmark used on US coins minted in ColoradoD
100%
Competitor to MarvelDC
90.7%
Mythical animal that is on the Chinese zodiacdragon
83.7%
Animal fecesdung
78.8%
A learning disability relating to language processing in reading and writingdyslexia
77.2%
A loud continued noisedin
59%
A long short-legged German dogDachshund
57.5%
A relative of a nerd or geekdweeb
47.7%
A geometric figure with ten facesdecahedron
42.5%
A usually brightly colored loose-fitting pullover garment from Africadashiki
19.5%

You're not logged in!

Compare scores with friends on all Sporcle quizzes.
Join for Free
OR
Log In

You Might Also Like...

Show Comments

Extras

Top Quizzes Today


Score Distribution

Your Account Isn't Verified!

In order to create a playlist on Sporcle, you need to verify the email address you used during registration. Go to your Sporcle Settings to finish the process.

Report this User

Report this user for behavior that violates our Community Guidelines.

Details: